000 01644nam a2200469 i 4500
001 52668
003 ES-MaCES
005 20250203133240.0
008 230214s2023 sp | 000 ||spa
017 _aB 22091-2023
_bDL
020 _a9788423434688
040 _aES-MaCES
_bspa
_cES-MaCES
041 1 _aspa
_heng
100 1 _922686
_aRoubini, Nouriel
245 0 0 _aMegamenazas
_b: las diez tendencias globales que ponen en peligro nuestro futuro y cómo sobrevivir a ellas
_cRoubini, Nouriel ; tr. de Merdedes Vaquero
250 _a1ª ed
260 _aBarcelona
_bDeusto
_c2023
300 _a365 p.
_c23 cm
500 _aTraducción de: Mega threats, ten dangerous trends that imperil our future, and how to survive them
504 _aBibliografía: p. 351-398
541 _cCompra
650 4 _930653
_aglobalización económica
650 4 _928136
_apérdida financiera
650 4 _928111
_adeuda
650 4 _928511
_acrecimiento demográfico
650 4 _930789
_adesigualdad social
650 4 _939751
_aCovid-19
650 4 _930961
_acambio climático
650 4 _928236
_acambio tecnológico
650 4 _930756
_afuturo del trabajo
650 4 _927175
_ademocracia
650 4 _927244
_aproblema político
650 4 _926687
_apolítica exterior
650 4 _926692
_apolítica de defensa
650 4 _928776
_ageografía política
650 4 _928901
_afuturo
653 1 0 _aCiencias Sociales-Políticas
700 1 _940630
_aVaquero, Merdedes
_etr.
740 0 2 _aMega threats, ten dangerous trends that imperil our future, and how to survive them
902 _aLIB Libro
942 _2CES
_cBK
_h7.0.
999 _c52668
_d52668